| 000 | 00606cam a22002291 4500 | ||
|---|---|---|---|
| 001 | 8880291 | ||
| 005 | 20180207033436.0 | ||
| 008 | 740705s1958 pau 000 0 eng | ||
| 010 | _a 58007956 | ||
| 015 | _aGB58-9850 | ||
| 035 | _a(OCoLC)936493 | ||
| 040 |
_aDLC _cOClW-H _dOkU-M _dOCoLC _dUk _dDLC |
||
| 041 | _aeng | ||
| 060 | _aWM 100 N952m 1958 | ||
| 080 | _a616.89 | ||
| 082 | _a616.89 NOY | ||
| 100 | 1 | _a48 | |
| 101 | _aPSI | ||
| 245 | 0 | 0 |
_aModern clinical psychiatry _c[by] Arthur P. Noyes [and] Lawrence C. Kolb. |
| 906 |
_a7 _bcbc _coclcrpl _du _encip _f19 _gy-gencatlg |
||
| 942 |
_2ddc _cBK |
||
| 999 |
_c41974 _d41974 |
||